LEADER 00921nam a2200205 i 4500 001 000000223082 003 CaOOAMICUS 005 20131003000000.0 008 131003s1828 xx u000 u fre u 013 $a201979 026 $a8.m. gec. leni coc' (3) 1828 (A) 040 $aSeMil$bita 245 10$aTome 2. 300 $a[4], 394, [2] p. 773 0 $aReid, Thomas <1710-1796>$tOeuvres complètes de Thomas Reid, chef de l'École Écossaise, publiées par m. Th. Jouffroy, avec des fragments de m. Royer-Collard et une introduction de l'editeur. Tome 1. [-6.].$dParis : chez A. Sautelet et Cie, libraires, rue de Richelieu, n. 14 : Alexandre Mesnier, libraire, place de la Bourse, 1828-1836.$g2$w()5599 850 $aSeMil 852 $aSeMil$W1$xVenegono$y1$m2Q IV 29 FA$j173428$B173428$CSeMilBibl$Z2$F183791 $8I 941 1 $a10 961 $aRecupero: Mantegazza 996 $6245$aTome 2$9(OLS)http://semarc/title/1533 LEADER 01181nam a2200265 i 4500 001 000000068784 003 CaOOAMICUS 005 20170825000000.0 008 170825s1991 xxu u000 u eng u 013 $a39956 020 $a0-385-11434-6 040 $aSeMil$bita 245 10$aLeviticus 1-16 :$ba new translation with introduction and commentary /$cJacob Milgrom. 260 $aNew York [etc.] :$bDoubleday,$c1991. 300 $axviii, 1163 p. ;$c24 cm. 490 0 $aThe Anchor Bible ;$v3 650 4$aBibbia. Antico Testamento. Levitico - Commentari, studi, critica, interpretazioni.$0(OLS)http://semarc/subject/2771 700 1 $aMilgrom, Jacob <1923- >.$0(OLS)http://semarc/name/34354 830 4$aThe Anchor Bible ;$v3.$0(OLS)http://semarc/title/472 850 $aSeMil 852 $aSeMil$W1$xVenegono$y1$mSL1.R II 3$j34937$B34937$CSeMilBibl$Z2$F34940 $8I 961 $aRecupero: Distributore 996 $6020$a0-385-11434-6$9(OLS)http://semarc/number/47053 996 $6245$aLeviticus 1-16 :$ba new translation with introduction and commentary$9(OLS)http://semarc/title/109966 996 $6260$aNew York [etc.] :$bDoubleday$9(OLS)http://semarc/publisher/31192